Regional Trade Agreements, Globalization, and Global Maize Exports

Globalizácia a jej vplyv na medzinárodný obchod s poľnohospodárskymi výrobkami. Vplyv regionálnych obchodných dohôd (Regional trade agreements - RTAs) a globalizácie na medzinárodný obchod s kukuricou prostredníctvom použitia gravitačného modelu za obdobie rokov 1996-2020.

Na minha lista:
Detalhes bibliográficos
Autor principal: Szerb, András Bence
Outros Autores: Csonka, Arnold, Fertő, Imre
Formato: Capítulo de Livro
Idioma:inglês
Assuntos:
Tags: Adicionar Tag
Sem tags, seja o primeiro a adicionar uma tag!

MARC

LEADER 00000naa a2200000 4500
001 0288902
005 20221121131140.2
041 0 |a eng 
044 |a CZ 
245 1 0 |a Regional Trade Agreements, Globalization, and Global Maize Exports  |c András Bence Szerb, Arnold Csonka, Imre Fertő 
520 |a Globalizácia a jej vplyv na medzinárodný obchod s poľnohospodárskymi výrobkami. Vplyv regionálnych obchodných dohôd (Regional trade agreements - RTAs) a globalizácie na medzinárodný obchod s kukuricou prostredníctvom použitia gravitačného modelu za obdobie rokov 1996-2020. 
610 2 0 |a dohody obchodné 
610 2 0 |a obchod medzinárodný 
610 2 0 |a globalizácia 
610 2 0 |a ekonometria 
610 2 0 |a regióny 
610 2 0 |a poľnohospodárstvo 
610 2 0 |a vývoz 
610 2 0 |a kukurica 
100 1 |a Szerb, András Bence 
700 1 |a Csonka, Arnold 
700 1 |a Fertő, Imre